Docencia y reforma curricular: curso semipresencial de posgrado docencia universitaria
Сохранить в:
| Главный автор: | |
|---|---|
| Формат: | |
| Язык: | испанский |
| Опубликовано: |
Buenos Aires
Universidad de Buenos Aires
2008
|
| Серии: | Programa de Formación Docente Contínua
|
| Предметы: | |
| Метки: |
Добавить метку
Нет меток, Требуется 1-ая метка записи!
|
MARC
| LEADER | 00000nam a2200000 a 4500 | ||
|---|---|---|---|
| 001 | UCG6773 | ||
| 003 | CL-VaPUC | ||
| 008 | 110520e20080000AG |||||||||||||||||spa|d | ||
| 082 | 0 | 4 | |a 375 |b DEL |2 21 |
| 100 | 0 | |a De Lella, Cayetano |e author |9 557147 | |
| 245 | 1 | 0 | |a Docencia y reforma curricular: curso semipresencial de posgrado docencia universitaria |
| 300 | |a 116 p | ||
| 942 | |c BK | ||
| 945 | |d 20110520 00:00:00 |a jcampos | ||
| 260 | |a Buenos Aires |b Universidad de Buenos Aires |c 2008 | ||
| 650 | 0 | |a Currículo |9 307290 | |
| 650 | 0 | |a Reforma educacional |9 256319 | |
| 650 | 0 | |a Desarrollo curricular |9 365285 | |
| 650 | 0 | |a Planificación del currículo |9 269599 | |
| 583 | |a last modification |c 20160928 12:46:16 |k Rodrigo Vera | ||
| 490 | 0 | |a Programa de Formación Docente Contínua | |
| 999 | |c 344913 |d 344911 | ||
| 952 | |0 0 |1 0 |4 0 |6 375_000000000000000_DEL_2008 |7 0 |8 ED_SUP |9 443269 |a BIBGIM |b BIBGIM |c S_PSTGRDO |d 2019-11-22 |i 4776836 |o 375 DEL 2008 |p 4776836 |r 2025-01-15 |w 2019-11-22 |y BK_X |k ESU | ||